KRAJI_5 - Primorska - SZ del - Statistics

General Stats
  • This quiz has been taken 147 times
  • The average score is 19 of 22
Answers on the Map
Answers color-coded by a green-red scale on the quiz's map according to % correct below.
 
Answer Stats
Answer % Correct
Sežana
91%
Komen
89%
Col
88%
Dornberk
88%
Dutovlje
88%
Manče
88%
Miren
88%
Opatje Selo
88%
Otlica
88%
Razdrto
88%
Vrtojba
88%
Bilje
86%
Kovk
86%
Lokavec
86%
Šempas
86%
Senožeče
86%
Štanjel
86%
Zadlog
86%
Branik
84%
Predmeja
83%
Štorje
83%
Tomaj
77%
No matching quizzes found
Score Distribution
Percent of People with Each Score
Percentile by Number Answered
Your Score History
You have not taken this quiz